Pasolini e l'abiura /

Salvato in:
Dettagli Bibliografici
Autore principale: Zigaina, Giuseppe (Autore)
Natura: Libro
Lingua:italiano
Pubblicazione: Venezia : Marsilio, 1993
Serie:Saggi
Soggetti:
Tags: Aggiungi Tag
Nessun Tag, puoi essere il primo ad aggiungerne!!

MARC

LEADER 00000nam a2200000 i 4500
001 IT\ICCU\LO1\0313646
003 ItRI
005 20260115231905.0
008 931001s1993 it |||||| ||||| |||||c
015 |2 IT  |a 94-404 
020 |a 8831759027 
040 |b ita  |c importazione bologna sebina 
041 7 |a ita  |2 ISO-639-2 
082 |a 851.914  |9 POESIA ITALIANA. 1945-  |2 20 
100 1 |a Zigaina, Giuseppe  |0 IT\ICCU\CFIV\052030  |4 aut 
245 1 0 |a Pasolini e l'abiura /  |c Giuseppe Zigaina. 
260 |a Venezia :  |b Marsilio,  |c 1993 
300 |a 353 p. :  |b  ill. ;  |c 22 cm. 
650 7 |a Pasolini, Pier Paolo 
830 0 |a Saggi  |0 IT\ICCU\CFI\0022487 
942 |2 ddc  |c BK  |n 0 
952 |0 0  |1 0  |4 0  |6 DOC_851_914000000000000_ZIG  |7 0  |9 15507  |a BO  |b BO  |d 2026-01-15  |i 2872  |l 0  |o DOC 851.914 ZIG  |p BO2872  |r 2026-01-15 23:19:05  |w 2026-01-15  |x [Sebina 5] [1 v.]  |y BK  |z 1 v. 
999 |c 13349  |d 13349